Szczegóły MARC21

Christa Wolfs "Kassandra" und Aischylo's "Orestie" : zur Rezeption der griechischen Tragödie in der deutschen Literatur der Gegenwart /

003 -Nazwa inst., której nr kontr. jest w polu 001 [,]
    • @
    • Nazwa instytucji, której n kontrolny jest w polu 001
    • NUKAT
005 -DATA I CZAS OSTATNIEJ MODYFIKACJI [,]
    • @
    • pole kontrolne
    • 20241231112556.0
020 -Międzynarod. znormalizowany nr książki - ISBN [ , ]
    • a
    • Numer ISBN
    • 3825304078 Find
040 -Instytucja sporządzająca opis [ , ]
    • a
    • Instytucja, która sporządziła opis (NP)
    • WR U/jlk
    • c
    • Instytucja, która sporządziła rekord (NP)
    • WR U/jlk
    • d
    • Instytucja, która zmodyfikowała rekord (P)
    • WR U/dl
942 -Rodzaj dokumentu [ , ]
    • c
    • Rodzaj dokumentu
    • Książka
100 -Hasło główne - nazwa osobowa [1, ]
    • a
    • Nazwa osobowa (NP)
    • Glau, Katherina.
    • 9
    • KHW
    • 632514
245 -Strefa tytułu i oznaczenia odpowiedzialności [1,0]
    • a
    • Tytuł
    • Christa Wolfs "Kassandra" und Aischylo's "Orestie" : Find
    • b
    • Ciąg dalszy tytułu (NP)
    • zur Rezeption der griechischen Tragödie in der deutschen Literatur der Gegenwart / Find
    • c
    • Pozostałe elementy strefy tytułu i oznaczenia odpowiedzialności (NP)
    • Katherina Glau.
260 -Strefa adresu wydawniczego [ , ]
    • a
    • Miejsce wydania (P)
    • Heidelberg :
    • b
    • Nazwa wydawcy (P)
    • Universitätsverlag C. Winter,
    • c
    • Data wydania (P)
    • cop. 1996.
300 -Strefa opisu fizycznego [ , ]
    • a
    • Określenie formy książki i/lub objętość (NP)
    • 398 s. ;
    • c
    • Format (NP)
    • 22 cm.
336 -Typ zawartości [ , ]
    • a
    • Termin opisujący typ zawartości
    • Tekst
    • b
    • Kod określający zawartość
    • txt
    • 2
    • Źródło (terminu i kodu)
    • rdacontent
337 -Typ mediów [ , ]
    • a
    • Tryb odtwarzania
    • Bez urządzenia pośredniczącego
    • b
    • Kod typu mediów
    • n
    • 2
    • Źródło (terminu i kodu)
    • rdamedia
338 -Typ/rodzaj nośnika [ , ]
    • a
    • Hasło opisujące typ nośnika
    • Wolumin
    • b
    • Kod typu nośnika
    • nc
    • 2
    • Źródło (terminu i kodu)
    • rdacarrier
490 -Strefa serii i książki wielotomowej - forma nie do wyszukiwania [1, ]
    • a
    • Tytuł (P)
    • Beiträge zur Neueren Literaturgeschichte. Folge 3, Find
    • x
    • ISSN (NP)
    • 0179-4027 ;
    • v
    • Numeracja (P)
    • Bd. 147
830 -Hasło dodatkowe serii i opisu książki wielotomowej - tytuł ujednolicony/tytuł [ ,0]
    • a
    • Tytuł ujednolicony/tytuł (NP)
    • Beiträge zur Neueren Literaturgeschichte
    • x
    • ISSN
    • 0179-4027
    • v
    • Oznaczenie tomu (NP)
    • F. 3, 147
    • 9
    • KHW
    • 28619
500 -Uwaga ogólna [ , ]
    • a
    • Uwaga ogólna (NP)
    • Oryg. przedstawiony jako rozprawa doktorska (Univ., Heidelberg, 1994/95).
504 -Uwaga dot. bibliogr. załącznikowej [ , ]
    • a
    • Uwaga dot. bibliografii załącznikowej
    • Bibliogr. s. 388-398.
080 -Uniwersalna Klasyfikacja Dziesiętna [ , ]
    • a
    • Symbol klasyfikacji
    • 830(091)-31"19"Wolf C.=30
080 -Uniwersalna Klasyfikacja Dziesiętna [ , ]
    • a
    • Symbol klasyfikacji
    • :82.03=30
980 -Symbol UKD [ , ]
    • a
    • UKD
    • 830(091)-31"19"Wolf C.:82.03]=30
920 -ISBN [ , ]
    • a
    • ISBN
    • 3-8253-0407-8 Find
Sygnatura Lokalizacja Data inwentaryzacji Status udost. Numer inwentarzowy
Germ. Literaturozn. - Wolf C. 05BM2002-02-27-3G.16037